Consumo de drogas en Costa Rica: resultados de la Encuesta Nacional de 1995 /
Na minha lista:
| Autor principal: | |
|---|---|
| Autor Corporativo: | |
| Outros Autores: | , |
| Formato: | Texto |
| Publicado em: |
San José:
IAFA
|
| Tags: |
Adicionar Tag
Sem tags, seja o primeiro a adicionar uma tag!
|
MARC
| LEADER | 00000 a a2200000 04500 | ||
|---|---|---|---|
| 001 | 12155 | ||
| 003 | |||
| 040 | |||
| 090 | |a 142100 | ||
| 100 | |a Bejarano Orozco, Julio | ||
| 110 | |a Instituto sobre Alcoholismo y Fármacodependencia, CR. Departamento de Investigación | ||
| 245 | |a Consumo de drogas en Costa Rica: resultados de la Encuesta Nacional de 1995 / |c Julio Bejarano Orozco | ||
| 260 | |a San José: |b IAFA | ||
| 300 | |a 101 p. | ||
| 300 | |b **no definido** |b fonodiscos | ||
| 700 | |a Carvajal Morera, Hannia | ||
| 700 | |a San Lee Chacón, Lizu | ||
| 999 | |c 14598 |d 14598 | ||
